| 000 | 00582nam a2200169 4500 | ||
|---|---|---|---|
| 001 | 118874 | ||
| 003 | ES-MaACL | ||
| 007 | t| | ||
| 008 | 070214s1972 sp r ||||1| spa d | ||
| 100 | 1 |
_aPettofrezzo, Anthony J. _991574 |
|
| 245 | 1 | 0 |
_aIntroducción a la teoría de los números / _cAnthony J. Pettofrezzo, Donald R. Byrkit ; traducción y adaptación Rolando J. Pomareda. |
| 260 |
_aMadrid : _bPrentice Hall, _c1972. |
||
| 300 |
_aXVI, 245 p. ; _c24 cm. |
||
| 700 | 1 |
_aByrkit, Donald R. _933021 |
|
| 700 | 1 |
_aPomareda, Rolando J. _992901 |
|
| 852 |
_aES-MaACL _jE-7638 _bR.91873 |
||
| 999 |
_c118874 _d118874 |
||